Tự học nhanh Word 97 bằng hình ảnh phương pháp nhanh nhất và hiệu quả nhất để sử dụng Word 97 = Visual Word 97 The Fastest, Easiest Way to Learn Access 97

Spremljeno u:
Bibliografski detalji
Glavni autor: Byrne, Jeffry
Format: Knjiga
Izdano: Nxb Trẻ 1998
Oznake: Dodaj oznaku
Bez oznaka, Budi prvi tko označuje ovaj zapis!
Thư viện lưu trữ: Mạng thư viện Đại học Đà Nẵng
LEADER 00689nam a2200229 a 4500
001 000028854
003 629
005 20171030145630.0
008 171030s1998
020 |c 19500 
040 |a LTT 
082 0 |a 5.15  |b BY-J 
100 1 |a Byrne, Jeffry 
245 0 0 |a Tự học nhanh Word 97 bằng hình ảnh phương pháp nhanh nhất và hiệu quả nhất để sử dụng Word 97 = Visual Word 97 The Fastest, Easiest Way to Learn Access 97  |c Jeffry Byrne Ph.D. 
260 |b Nxb Trẻ  |c 1998 
OWN |a LTT 
999 |a From the UDN01 
TYP |a Monograph 
TYP |a Printed language 
980 |a Mạng thư viện Đại học Đà Nẵng